Responses for show #5098 - Wednesday, November 8, 2006

2006 Celebrity Jeopardy! game 1.
From Radio City Music Hall in New York City.

Contestants

Carson Kressley, a fashion maven from Queer Eye for the Straight Guy

Nancy Grace, a TV legal expert from Headline News/Court TV

Regis Philbin, a TV host from Live with Regis and Kelly

Jeopardy! Round responses

NEW YORK ARCHITECTURE
WE LOVE BROADWAY
HODGEPODGE
PAINTERS
(Alex: Fans of Saturday Night Live will recognize this...)
SURPRISE ME, TREBEK!
STRAIGHT MEN
    $200 1
Rockefeller Center

Carson
    $200 6
Mary Poppins

Nancy
    $200 8
Beavis

Nancy
    $200 13
Hardy

Carson
    $400 2
(Nancy: What is Penn Station?)
...
(Alex: You're on the board. You select.)
[Cheers and applause; Regis blows a kiss]
(Alex: And Regis, you're in the lead, too.)
(Regis: In the lead.)
(Alex: Yes.)
(Regis: Is the game still on?)
(Alex: Yes, it is. Select again.)

Madison Square Garden

RegisNancy
    $400 7
(Alex: All right, ladies and gentlemen, with the clue, here is a special guest on Celebrity Jeopardy! From the magical Broadway hit Wicked, please welcome Kate Reinders!)
...
(Alex: Nancy!)
(Nancy: All I can think of is Glinda the Good Witch. [*]. What is [*]?)

The Wizard of Oz

Nancy
    $400 9
the Ouija Board

Nancy
    $400 14
Bert

Carson
    $600 3
(Alex: You're out of the hole. Go again.)

the Chrysler Building

Nancy
    $600 10
(Carson: What are signs of the cross?)

stations of the cross

NancyCarson
    $600 15
Dean Martin

Regis
    $800 4
the Guggenheim

Regis
    $800 11
(Regis: [*] Reg--What is [*]?)
(Alex: Now why is it that you got that one?)

Chivas Regal

Regis
    $800 16
George Burns

Regis
    $1000 5
the Flatiron Building

Nancy
    $1000 12
(Carson: What is Mars?)

Venus

Carson
Triple Stumper
    $1000 17
[The end-of-round signal sounds.]

(Dan) Rowan

Nancy

Scores at the first commercial break (after clue 7):

Regis Nancy Carson
$1,200 $1,800 $200

Scores at the end of the Jeopardy! Round:

Regis Nancy Carson
$3,400 $4,000 -$800

Double Jeopardy! Round responses

AMERICAN HISTORY
EUROPE'S GOT TALENT TOO
ALL KINDS OF MUSIC
BY THE GRACE OF NANCY
BEER EYE
STRAIT GUY
    $400 11
Boston

Nancy
    $400 16
(Carson: Ooh, uh, what is swim the English Channel, which is so wrong?)

run the mile

RegisCarson
    $400 6
(Regis: Um, what is...) (Alex: Oh, too much ti--)
(Regis: [*]!)

mistletoe

RegisCarson
    $400 21
Nancy Reagan

Regis
    $400 1
Russia

Carson
    $800 12
Ford's Theatre (the Ford Theatre accepted)

Regis
    $800 17
a push-up

Regis
    $800 7
Count Basie

Carson
    $800 22
[The end-of-round signal sounds.]

Nancy Drew

Nancy
    $800 2
New Zealand

Carson
    $1200 13
Morse

Carson
    $1200 18
clap

Nancy
    $1200 8
Hank Williams, Jr.

Carson
    $2,000 3
North America & Asia

Carson
    $1600 14
tobacco

Nancy
    $400 19
(Nancy: What is the flamingo?)
(Alex: No, it's--the flamingo is a bird, the [*]--)
(Nancy: CO! [*].)
(Regis: I thought I heard "flamingo".)
(Alex: Yep--)
[Laughter]
(Carson: I think it's just her accent.)
(Alex: Our judges say you said "[*]"--"flamingo"--)
(Nancy: I'm from Georgia, I said "[*]"!)
(Carson: Yeah. "Flamingo", "[*]"--)
(Nancy: I object! You're already totally sucking up to Regis!)
(Alex: Sorry. The judge overrules your objection. We have less than a minute to go, now, Nancy, you pick again.)

the flamenco

Nancy
    $1600 9
(Alex: Correct, and I hope I do.)

"You Made Me Love You"

Regis
    $1600 4
Sicily

Regis
    $2000 15
FDR

Carson
    $2000 20
(Nancy: [Without ringing in] Who is [*]?)
(Alex: Carson.)
(Carson: Who is [*]?)
(Alex: You're right. He rang in ahead of you.)
(Carson: Thanks, N.G.!)
[Laughter]
(Alex: Ha ha! Select again, Carson!)
(Carson: I'm gay and I knew that one anyway, so... calm down.)

the Von Trapp family

Carson
    $2000 10
sixteen tons

Regis
    $2000 5
Vancouver

Carson

Scores at the end of the Double Jeopardy! Round:

Regis Nancy Carson
$10,600 $7,600 $11,600

[wagering suggestions for these scores]

Final Jeopardy! Round responses

WOMEN IN SPORTS
NancyWho Billie Jean King Babe Didrickson
$3,000
RegisWho is Billie Jean King
$2,000
CarsonWho is Billie Jean King?
$999
Billie Jean King

Final scores:

Regis Nancy Carson
$12,600 $4,600 $12,599
Winner: $50,000 to Cardinal Hayes High School 3rd place: $25,000 to the National Center for Missing & Exploited Children 2nd place: $25,000 to The Trevor Project

Game dynamics:

Coryat scores:

Regis Nancy Carson
$10,600 $8,000 $10,800
12 R,
1 W
12 R
(including 1 DD),
2 W
(including 1 DD)
13 R
(including 1 DD),
3 W

Combined Coryat: $29,400

The J! Archive is created by fans, for fans. The Jeopardy! game show and all elements thereof, including but not limited to copyright and trademark thereto, are the property of Jeopardy Productions, Inc. and are protected under law. This website is not affiliated with, sponsored by, or operated by Jeopardy Productions, Inc. Join the discussion at JBoard.tv.